| 000 | 00876nam a22002537a 4500 | ||
|---|---|---|---|
| 001 | 3192 | ||
| 003 | FISKH | ||
| 005 | 20240216132751.0 | ||
| 008 | 240216b cb ||||| |||| 00| 0 eng d | ||
| 020 | _a0689711581 | ||
| 040 |
_aFISKH _beng _cFISKH _dFISKH |
||
| 100 | _aKeats, Ezra Jack | ||
| 245 |
_aThe little drummer boy / _cby Keats , Ezra Jack |
||
| 250 | _aFirst Aladdin Books edition 1987 | ||
| 260 |
_aNew York : _bMacmillan Publishing Company , _c1968 |
||
| 300 |
_a29 unnumbered pages : _bcolor illustrations ; _c18 cm . |
||
| 505 | _aE | ||
| 520 | _aAn illustrated version of the Christmas carol about the procession to Bethlehem and the offer of a poor boy to play his drum for the Christ Child. | ||
| 521 | 8 |
_a250
_bLexile |
|
| 521 | 8 |
_aE
_bRaz-Plus |
|
| 650 |
_acarol _vfiction |
||
| 700 |
_aOnorati, Henry _eillustrator |
||
| 942 |
_2ddc _cBK _n0 |
||
| 999 |
_c3192 _d3192 |
||